000 00323nam a2200133Ia 4500
003 GCL
008 140319s9999 xx 000 0 ara d
040 _aGCL /
_cGCL
082 0 4 _a953.001
_bع ب
245 1 0 _aالدرعية
260 _a[S.N] :
_bلا يوجد ،
_c1982
300 _aمتعدد الترقيم
490 _a
999 _c35540
_d35540